| 000 | 01548nam a2200385 c 4500 | ||
|---|---|---|---|
| 001 | 2795 | ||
| 003 | BLK | ||
| 005 | 20240202110320.0 | ||
| 008 | 180412b bul|||||r ||||||| ||bul|| | ||
| 010 | _aKNG00003820000 | ||
| 020 | _a954-428-061-8 | ||
| 040 | _aBLK | ||
| 041 |
_aBUL _cBUL |
||
| 080 |
_aБългарска литература _b821.163.2 _x(031) _z821.163.2(031) |
||
| 139 |
_aШишкова, Магдалена и др. _bШ 69 |
||
| 245 | 1 | 0 |
_aРечник по нова българска литература 1878 - 1992 _cсъстав. Магдалена Шишкова; състав. Сабина Беляева; състав. Мирослав Дачев. |
| 257 | _aBGR | ||
| 260 |
_bХемус _c1994 _aСофия |
||
| 300 |
_a440 с. _c26 см |
||
| 380 | _a82 | ||
| 500 | _aИзд. на БАН. Инст. за лит. - Именен показалец | ||
| 650 | 4 |
_aБългарска литература - речници _9246348 |
|
| 653 | _aбългарска литература | ||
| 653 | _aречници | ||
| 700 |
_aШишкова, Магдалена Иванова _d1935- _gФилолог, българска филология _9363493 |
||
| 700 | 1 |
_aБеляева, Сабина _eсъстав. _9246346 |
|
| 700 | 1 |
_aДачев, Мирослав _eсъстав. _9246347 |
|
| 852 | _aЦб ІІ 8213 | ||
| 856 | 4 |
_qpdf _u |
|
| 856 | 4 |
_qpdf _u |
|
| 942 |
_cKNG _n0 _011 |
||
| 944 |
_aCR _c15.01.2003 _k30545 _lНора Радева |
||
| 944 |
_aED _c25.02.2011 |
||
| 999 |
_c2795 _d2795 |
||
| 999 | _d2795 | ||